Juviljar ukrajinistyky

Bibliographic Details
Main Author: Petrušinský, Vasiľ (Author)
Format: Article
Language:Ukrainian
PhysicalDescription:Obr. 2.
Subjects:

MARC

LEADER 00000nab a2200000 a 4500
001 vtls000271696
003 SK-MaSNL
005 20260318114510.0
008 180130c1986 xo 0 ukr
015 |a SNBRB19rr/mm-uuuuu 
035 |a CL0281810 
040 |a SNKBUCL  |b slo  |c SNKBUCL  |e AACR2 
041 0 |a ukr 
044 |a xo  |c SK 
080 |a 323.1(=83):061.6  |2 1981 
080 |a 061.6  |2 1981 
100 1 |a Petrušinský, Vasiľ  |4 aut  |9 935243 
245 1 0 |a Juviljar ukrajinistyky  |c Vasiľ Petrušinský 
300 |b Obr. 2. 
650 0 7 |a Ukrajinci  |2 snkbucl  |9 19025 
650 0 7 |a Vedeckovýskumný ústav, Prešov  |2 snkbucl  |9 1625250 
655 7 |a články z novín a časopisov  |2 snkbucl  |9 267496 
773 0 |t Nove žyttja  |g Roč. 36, č. 47 (21. 11. 1986), s. 2 
850 |a Slovenská národná knižnica v Martine  |a MTA001 
852 |a SNK  |b KIS3GCP 
958 |a RK 
958 |a UK 
992 |a RBX 
999 |c 3352452  |d 3354382